| 000 | 00504nam a22001577a 4500 | ||
|---|---|---|---|
| 003 | OSt | ||
| 008 | 260623b |||||||| |||| 00| 0 eng d | ||
| 020 | _a9789348596659 | ||
| 082 |
_a634.96 _bS53F |
||
| 100 | _a Sharma, R. .K | ||
| 245 | _aForest Protection/ by R. .K Sharma | ||
| 260 |
_aDelhi : _bToday & Tomorrow Printers and Publishers _c2025. |
||
| 300 | _a327 p. | ||
| 650 | _aTechnology (Applied Sciences) | Agriculture and Related Technologies | Forestry | Forest Protection | ||
| 942 |
_2ddc _cBK |
||
| 999 |
_c52221 _d52221 |
||